MDQL
is popping MORE tags! Check the
thread
!
Quizzes
Events
Quiz Creation
Community
Videos
Private Events
Remove Ads
Sign In
Join for FREE
Feedback
Dark Mode
Quiz Categories
Sports
Geography
Music
Movies
Television
Just For Fun
Miscellaneous
History
Literature
Language
Science
Gaming
Entertainment
Religion
Holiday
For Kids
Quiz Lab
Recent
Popular Today
Quiz Kudos Today
Editor Picks
Curator Picks
Quizzes by...
Day
Popularity
Type
Ratings
Length
Year
Community
Subscriptions
Recent Discussions
Orange Saloon
Badges
Playlists
Quests
Create
Leaderboards
Showdown
Live 5
Trivia Bingo
Activity
Puzzle Library
Sporcle Events
Private Events
Virtual Trivia
Globe League
Become a Host
Pub Owners
SporcleCon
Opinionation
Our Games
Videos
Blog
Mobile Apps
Partnerships
Remove Ads and Go Orange
Feedback
Sports
Athletes
MLB
NBA
NHL
NFL
Soccer
Sports Teams
WWE
NCAA
Football
Premier League
Basketball
Baseball
Hockey
Golf
Tennis
Cricket
Rugby
Auto Racing
Olympics
World Cup
Sports
Athletes
MLB
NBA
NHL
NFL
Soccer
Sports Teams
WWE
NCAA
Football
Premier League
Basketball
Baseball
Hockey
Golf
Tennis
Cricket
Rugby
Auto Racing
Olympics
World Cup
Random Quiz
Search Sporcle
×
Quiz Lab
Quiz Lab
Sports
Board Games
Type in answers that appear in a list
Type in answers that appear in a list
Classic
Best Score? Go Orange.
NFL Most Rushing Attempts Game Stats
Can you name the NFL player with the most rushing attempts in a game?
By
MM008
7m
32 Questions
174 Plays
174 Plays
174 Plays
Comments
Comments
Give Quiz Kudos
Give Quiz Kudos
-
- Ratings
hide this ad
Replay
Link that replays current quiz
Next Quiz
Link to next quiz in quiz playlist
You Got
0%
They Got
Avg Score
53%
Avg Friend Score
Upgrade to see
Score Distribution
Jump to the score distribution portion of the page
Score
0/32
Timer
07:00
0
Plays Today
Season/Team
% Correct
2003 Dolphins
Ricky Williams
91.4%
1999 Saints
Ricky Williams
91.4%
2006 Chiefs
Larry Johnson
90.8%
2003 Bengals
Rudi Johnson
90.2%
2006 Seahawks
Shaun Alexander
89.1%
1994 Lions
Barry Sanders
89.1%
1977 Bears
Walter Payton
87.9%
1979 Bears
Walter Payton
87.9%
1997 Patriots
Curtis Martin
85.6%
2002 Chargers
LaDainian Tomlinson
83.3%
1997 Broncos
Terrell Davis
80.5%
1976 Steelers
Franco Harris
79.9%
1997 Bengals
Corey Dillon
78.2%
1973 Bills
O.J. Simpson
75.3%
1981 Oilers
Earl Campbell
72.4%
2009 Browns
Jerome Harrison
67.2%
Season/Team
% Correct
1985 Falcons
Gerald Riggs
43.7%
1985 Falcons
Gerald Riggs
43.7%
1994 Rams
Jerome Bettis
42%
1988 Redskins
Jamie Morris
30.5%
1984 Buccaneers
James Wilder
29.9%
1983 Buccaneers
James Wilder
29.9%
1993 Giants
Rodney Hampton
25.9%
1990 Redskins
Earnest Byner
23%
1994 Buccaneers
Errict Rhett
20.1%
1989 Chargers
Marion Butts
17.8%
1979 Buccaneers
Ricky Bell
16.7%
1997 Jets
Adrian Murrell
14.9%
1974 Colts
Lydell Mitchell
10.3%
1986 Jets
Johnny Hector
9.2%
1983 Giants
Butch Woolfolk
5.7%
1978 Packers
Terdell Middleton
5.2%
Quiz Playlist
Details
Report
Send in Message
Add To Playlist
Classic:
Type in answers that appear in a list
Quiz Source
Last Updated: Feb 16, 2017
Quiz Scoreboard
CHALLENGE
Sign Up to Join the Scoreboard
Show All
Scores
Hide
Comments
May contain spoilers
Recently Published
Holiday 10x10 Sorting Gallery
by lukepisani3
Holiday
15m
Two Season TV Shows II
by 123Four
Television
10m
Image Sorting: Flags VI
by Barbecue
Geography
2m
More to Explore
Quiz From the Vault
Featured Blog Post
14 Easter Pick-up Lines to Find Eggs With
hide this ad
You Might Also Like...
Tags
Board Games Quiz
NFL Quiz
attempt
Player
Rushing
season
team
Today's Top Quizzes in Sports
Browse Sports
hide this ad
Today's Top Quizzes in Board Games
Browse Board Games
Top Contributed Quizzes in Sports
1
Les meilleurs buteurs des matchs entre le PSG et l’OM
2
Les entraîneurs de l'OM et du PSG au 21e siècle
3
2022 World Cup Stars
4
Les joueurs passés par le PSG et l'OM
5
Players with Multiple 50 Home Run Seasons
6
FIFA Club World Cup Champions
7
Criteria MLB: Left Handed Sluggers
8
Les joueurs passés par le LOSC et le RC Lens
9
Top 10 NHL Goal Scorers of All Time
10
NBA Logic Puzzle 2.0
Explore More
Trending Topics
NBA
Kpop
Harry Potter
Anime
Disney
Marvel
Crossword
NFL
Country
The Office
WWE
Soccer
Puzzle
Song
Pokémon
hide this ad
More By:
MM008
Quiz
Plays
Rating
Category
Featured
Created
NFL 3,000-Passing Yard Seasons by Team
145,090
4.52
Sports
Nov 18, 2010
NFL Players with Multiple MVPs
71,975
4.54
Sports
Apr 8, 2010
NFL 1,000 Yard Receivers on Multiple Teams
58,461
4.39
Sports
Aug 12, 2011
NFL QBs with 100+ TD passes with a Team
19,185
4.39
Sports
Aug 1, 2010
NBA Most Double-Double Games
5,991
4.33
Sports
May 27, 2011
Go to Creator's Profile
Score Distribution
Quiz Creator Spotlight
MM008
Follow
Send a Message
Quizzes Created
-
Created Quiz Play Count
-
More By This Creator
Popular Quizzes Today
1
Find the US States - No Outlines Minefield
2
Colored Red Africa Blitz
3
Find the 'City' Movie
4
5x2 Blitz: Bands
5
The Countries of the World
6
Find the Countries of Europe - No Outlines Minefield
7
Find the US States
8
US States
More Sports Quizzes
2017-18 NBA Season Quiz
Quiz Lab
Trending Quizzes
Colored Red Europe Blitz I
Colored Red Africa Blitz II
Colored Red Europe Blitz II
Even More Two Season TV Shows
Colored Red Africa Blitz III
Recently Updated
March Madness Men's Triple Doubles
pecheneg
How Do You Spell That?
pecheneg
Godzilla Movies
pecheneg
Grab Bag: 4-10 Letters
pecheneg
2024 March Madness Bracket
pecheneg
Famous TV Couples
Peacemaker
Champions League XIs: Real Madrid
pecheneg
Largest US Cities 1790-2010
pecheneg
Rides in Walt Disney World
pecheneg
Most Oscar Losses (Acting)
pecheneg
Trending Topics
Kpop
NBA
Crossword
Disney
Harry Potter
Anime
Marvel
WWE
Puzzle
Pokémon
NFL
Song
Country
Soccer
The Office
Your Account Isn't Verified!
In order to create a playlist on Sporcle, you need to verify the email address you used during registration. Go to your
Sporcle Settings
to finish the process.
Report this User
Report this user for behavior that violates our
Community Guidelines
.
Details:
Send Report
Go to the Sporcle.com Mobile Site →
Comments